[Event "SVK-chT1E 1718"]
[Site "Slovakia"]
[Date "2017.11.04"]
[Round "3.6"]
[White "Balazs, Attila"]
[Black "Ondo, Tomas"]
[Result "1/2-1/2"]
[WhiteElo "2042"]
[BlackElo "1988"]
[PlyCount "52"]
[EventDate "2017.10.21"]
[EventType "team-tourn"]
[EventRounds "11"]
[EventCountry "SVK"]
[SourceTitle "CBM 181 Extra"]
[Source "ChessBase"]
[SourceDate "2017.12.12"]
[SourceVersion "1"]
[SourceVersionDate "2017.12.12"]
[SourceQuality "1"]
[WhiteTeam "Jelsava Magnezit"]
[BlackTeam "Michalovce Zemplin"]
[WhiteTeamCountry "SVK"]
[BlackTeamCountry "SVK"]

1. e4 e5 2. Nf3 Nc6 3. Bc4 Nf6 4. 0-0 Be7 5. Re1 d6 6. h3 0-0 7. d4 a6 8. a4 h6 9. c3 Rb8 10. Na3 exd4 11. cxd4 d5 12. exd5 Nxd5 13. Ne5 Nxe5 14. dxe5 Nb6 15. Bd3 Bg5 16. Qf3 Be6 17. a5 Nd5 18. Be4 Bxc1 19. Raxc1 Qd7 20. Red1 Rbd8 21. Rc5 c6 22. Rdc1 Qe7 23. Qg3 f5 24. exf6 Qxf6 25. R5c2 Nf4 26. Re1 Bd5 1/2-1/2

[Event "SVK-chT1E 1718"]
[Site "Slovakia"]
[Date "2017.10.22"]
[Round "2.6"]
[White "Ondo, Tomas"]
[Black "Budzak, Marcel"]
[Result "1-0"]
[WhiteElo "1988"]
[BlackElo "1885"]
[PlyCount "67"]
[EventDate "2017.10.21"]
[EventType "team-tourn"]
[EventRounds "11"]
[EventCountry "SVK"]
[SourceTitle "CBM 181 Extra"]
[Source "ChessBase"]
[SourceDate "2017.12.12"]
[SourceVersion "1"]
[SourceVersionDate "2017.12.12"]
[SourceQuality "1"]
[WhiteTeam "Michalovce Zemplin"]
[BlackTeam "Kezmarok"]
[WhiteTeamCountry "SVK"]
[BlackTeamCountry "SVK"]

1. d4 e6 2. Bf4 Nf6 3. e3 d5 4. Nf3 Nbd7 5. Nbd2 Be7 6. h3 b6 7. Bd3 Bb7 8. c3 c5 9. 0-0 h6 10. Ne5 Nxe5 11. dxe5 Nd7 12. e4 Qc7 13. exd5 Bxd5 14. Qe2 Bg5 15. Bg3 Bxd2 16. Qxd2 c4 17. Bc2 Nc5 18. Qe3 0-0-0 19. Rfd1 g5 20. Rd4 Qb7 21. f3 Rdg8 22. Be4 Bxe4 23. fxe4 Qa6 24. Rf1 Qxa2 25. Rxf7 Rf8 26. Qf2 Rd8 27. Qf6 Rhe8 28. Rxd8+ Rxd8 29. Qe7 Rd7 30. Qe8+ Kc7 31. Rxd7+ Nxd7 32. Qxe6 Qb1+ 33. Kh2 Qxe4 34. Qd6+ 1-0

[Event "SVK-ch rapid"]
[Site "Banska Bystrica"]
[Date "2017.09.24"]
[Round "7"]
[White "Ondo, Tomas"]
[Black "Koltanyi, Imre"]
[Result "0-1"]
[WhiteElo "1778"]
[BlackElo "1946"]
[PlyCount "46"]
[EventDate "2017.09.22"]
[EventType "swiss (rapid)"]
[EventRounds "9"]
[EventCountry "SVK"]
[SourceTitle "EXT 2018"]
[Source "ChessBase"]
[SourceDate "2017.10.13"]
[SourceVersion "1"]
[SourceVersionDate "2017.10.13"]
[SourceQuality "1"]

1. d4 Nf6 2. Bf4 d5 3. e3 Bf5 4. Nf3 e6 5. c4 Nbd7 6. Nc3 c6 7. Qb3 Qb6 8. c5 Qxb3 9. axb3 Be7 10. b4 0-0 11. h3 Ne4 12. Be2 g5 13. Bh2 Bg6 14. b5 f5 15. bxc6 bxc6 16. Ba6 f4 17. Ne2 Rab8 18. Ra2 fxe3 19. fxe3 Rb3 20. Nc3 Nxc3 21. bxc3 Rb1+ 22. Kf2 Rxh1 23. Bg1 Nf6 0-1

[Event "SVK-ch rapid"]
[Site "Banska Bystrica"]
[Date "2017.09.23"]
[Round "5"]
[White "Ondo, Tomas"]
[Black "Luptak, Pavol"]
[Result "0-1"]
[WhiteElo "1778"]
[BlackElo "2019"]
[PlyCount "142"]
[EventDate "2017.09.22"]
[EventType "swiss (rapid)"]
[EventRounds "9"]
[EventCountry "SVK"]
[SourceTitle "EXT 2018"]
[Source "ChessBase"]
[SourceDate "2017.10.13"]
[SourceVersion "1"]
[SourceVersionDate "2017.10.13"]
[SourceQuality "1"]

1. d4 e6 2. Bf4 Nf6 3. e3 Be7 4. Nf3 b6 5. Bd3 Bb7 6. Nbd2 Nc6 7. c3 a5 8. 0-0 Nd5 9. Bg3 0-0 10. e4 Nf6 11. h3 d6 12. Qc2 g6 13. Rae1 Nh5 14. Bh2 Bf6 15. e5 Be7 16. Ne4 d5 17. Ng3 Ng7 18. a4 Rc8 19. Qd2 Nb8 20. Qh6 Ba6 21. Bxa6 Nxa6 22. h4 c5 23. Re2 cxd4 24. cxd4 Rc4 25. b3 Rc3 26. Re3 Qc7 27. Rfe1 Rc8 28. h5 Nb4 29. hxg6 hxg6 30. Ne2 Rxe3 31. fxe3 Nf5 32. Qf4 Nd3 33. Qg4 Nxe1 34. Nxe1 Nxe3 35. Qh3 Nf5 36. g4 Ng7 37. Bf4 Qd8 38. Nf3 Rc2 39. Kf2 Rb2 40. Qh6 Rxb3 41. Neg1 Qf8 42. Bg5 Nf5 43. Qxf8+ Kxf8 44. gxf5 Bxg5 45. Nxg5 gxf5 46. Ne2 Ra3 47. Nf3 Rxa4 48. Nc3 Rc4 49. Nb5 a4 50. Nd2 Rb4 51. Nc3 Rxd4 52. Ke3 Rb4 53. Kd3 Ke8 54. Nf3 a3 55. Nd4 Rc4 56. Ndb5 Rh4 57. Nxa3 f6 58. exf6 Kf7 59. Nab5 Kxf6 60. Ne2 e5 61. Nc7 Rh3+ 62. Kd2 d4 63. Nd5+ Kg5 64. Nxb6 d3 65. Nc3 e4 66. Nbd5 Kg4 67. Ne3+ Kf4 68. Ng2+ Ke5 69. Ne3 Rh2+ 70. Kd1 Kd4 71. Nxf5+ Kxc3 0-1

[Event "Stara Lubovna op"]
[Site "Stara Lubovna"]
[Date "2017.05.06"]
[Round "3"]
[White "Sosovicka, Juraj"]
[Black "Ondo, Tomas"]
[Result "1-0"]
[WhiteElo "2142"]
[BlackElo "1922"]
[PlyCount "113"]
[EventDate "2017.05.05"]
[EventType "swiss"]
[EventRounds "7"]
[EventCountry "SVK"]
[SourceTitle "CBM 178 Extra"]
[Source "ChessBase"]
[SourceDate "2017.06.22"]
[SourceVersion "1"]
[SourceVersionDate "2017.06.22"]
[SourceQuality "1"]

1. e4 e5 2. Nf3 Nc6 3. Bc4 Nf6 4. Ng5 d5 5. exd5 Nd4 6. c3 b5 7. Bf1 Nxd5 8. cxd4 Qxg5 9. Bxb5+ Kd8 10. 0-0 Bb7 11. Qf3 exd4 12. Re1 Bd6 13. d3 Qg6 14. Bc4 c6 15. Bxd5 cxd5 16. Bd2 Bc5 17. Na3 Re8 18. Nc4 Qf6 19. Qg3 h6 20. Na5 Ba6 21. Rac1 Rc8 22. b4 Bd6 23. Rxc8+ Bxc8 24. f4 Rxe1+ 25. Qxe1 Bc7 26. b5 Bd7 27. a4 Qe7 28. Nb7+ Ke8 29. Qxe7+ Kxe7 30. Bb4+ Kf6 31. Bc5 Bb6 32. Bxb6 axb6 33. a5 Bxb5 34. Nd6 Bxd3 35. axb6 Ba6 36. b7 Bxb7 37. Nxb7 Kf5 38. g3 g5 39. Nd6+ Kg4 40. fxg5 hxg5 41. Nxf7 d3 42. Ne5+ Kf5 43. Nxd3 Ke4 44. h4 gxh4 45. gxh4 Kxd3 46. h5 d4 47. h6 Kc2 48. h7 d3 49. h8Q d2 50. Qc8+ Kd3 51. Qd7+ Kc2 52. Qc6+ Kd3 53. Qd5+ Kc2 54. Qc4+ Kb2 55. Qd3 Kc1 56. Qc3+ Kd1 57. Kg2 1-0

[Event "Stara Lubovna op"]
[Site "Stara Lubovna"]
[Date "2017.05.05"]
[Round "2"]
[White "Ondo, Tomas"]
[Black "Polacik, Igor"]
[Result "1/2-1/2"]
[WhiteElo "1922"]
[BlackElo "2189"]
[PlyCount "67"]
[EventDate "2017.05.05"]
[EventType "swiss"]
[EventRounds "7"]
[EventCountry "SVK"]
[SourceTitle "CBM 178 Extra"]
[Source "ChessBase"]
[SourceDate "2017.06.22"]
[SourceVersion "1"]
[SourceVersionDate "2017.06.22"]
[SourceQuality "1"]

1. e4 c5 2. c4 Nc6 3. Nc3 g6 4. g3 Bg7 5. Bg2 e6 6. Nge2 Nge7 7. d3 a6 8. Be3 Nd4 9. Rc1 d6 10. 0-0 0-0 11. f4 Rb8 12. Bf2 Nec6 13. b3 b5 14. Nxd4 Nxd4 15. Ne2 e5 16. h3 bxc4 17. dxc4 Bd7 18. Kh2 a5 19. Nxd4 exd4 20. g4 a4 21. Qd3 axb3 22. axb3 Bc6 23. Rfe1 Re8 24. Rb1 Rb4 25. Re2 Qb8 26. Bf3 Rb6 27. Be1 Rb7 28. b4 cxb4 29. Bf2 Rbe7 30. Rbe1 Qb6 31. Kg2 b3 32. Rb1 Rb8 33. Reb2 Reb7 34. Rd1 1/2-1/2

[Event "SVK-ch U16"]
[Site "Liptovsky Mikulas"]
[Date "2017.04.27"]
[Round "8"]
[White "Ondo, Tomas"]
[Black "Mizicka, Matus"]
[Result "1-0"]
[WhiteElo "1916"]
[BlackElo "1722"]
[PlyCount "103"]
[EventDate "2017.04.22"]
[EventType "swiss"]
[EventRounds "9"]
[EventCountry "SVK"]
[SourceTitle "CBM 178 Extra"]
[Source "ChessBase"]
[SourceDate "2017.06.22"]
[SourceVersion "1"]
[SourceVersionDate "2017.06.22"]
[SourceQuality "1"]

1. e4 e5 2. Nf3 Nc6 3. Bc4 Be7 4. d3 Nf6 5. Nc3 d6 6. h3 0-0 7. 0-0 Na5 8. Bb3 Nxb3 9. axb3 c6 10. Be3 d5 11. exd5 cxd5 12. Bg5 d4 13. Ne2 Nd5 14. Bxe7 Qxe7 15. Re1 f6 16. Nexd4 Qf7 17. Ne2 Qg6 18. Ng3 Nf4 19. Re3 Be6 20. Qf1 Rfc8 21. Rc1 Rc7 22. c4 Rd8 23. d4 exd4 24. Re4 Qh6 25. Ne2 Nxe2+ 26. Rxe2 Bf5 27. Rd2 d3 28. Rcd1 Rcd7 29. Ne1 Qg6 30. Kh2 h5 31. g3 Qh7 32. Ng2 Rd4 33. Nf4 Rxf4 34. gxf4 Qh6 35. Qg2 h4 36. Qf3 Rd4 37. Rxd3 Bxd3 38. Rxd3 Rxd3 39. Qxd3 Qxf4+ 40. Kg2 Qg5+ 41. Kf1 Qc1+ 42. Kg2 Qxb2 43. Qd5+ Kh7 44. Qxb7 a5 45. Qe4+ Kg8 46. Qe6+ Kh7 47. c5 Qb1 48. c6 Qc2 49. Qc4 Qg6+ 50. Qg4 Qc2 51. Qxh4+ Kg8 52. Qc4+ 1-0